000 00429nam a2200157Ia 4500
008 210210b1999 xxu||||| |||| 00| 0 eng d
020 _a81 250 0731 8
082 _a920 PEOE
100 _aPEOPLE WHO HAVE HELPED THE WORLD.
245 _aEleanor Roosevelt. by David Winner
260 _aHyderabad
_bOrient Longman
_c1999
300 _a64
650 _aEleanor Roosevelt Human rights
690 _aBiography
906 _aSG03616
999 _c114145
_d114145